Statistics for 12 Months in 30 Seconds

Click here to take the quiz!

General Stats

  • This quiz has been taken 88 times
  • The average score is 10 of 12

Answer Stats

Answer% Correct
April
93%
January
91%
February
90%
August
88%
July
88%
March
88%
June
86%
May
83%
September
78%
December
76%
October
74%
November
72%

Score Distribution

Percentile by Number Answered

Percent of People with Each Score

Your Score History

You have not taken this quiz